000 00300nam a22001217a 4500
008 180607b xxu||||| |||| 00| 0 eng d
041 _aeng
080 _a043.3
100 _a0
101 _aSHJ-BTH
245 _aFormat e zgjidhjes së martesës sipas ligjit në Kosovë
_cHyseni,I
942 _2udc
_cBK
999 _c46605
_d46605